Statistiques concernant Personnages Marvel par images

Cliquez ici pour prendre le quiz!

Statistiques générales

  • Ce quiz a été pris 706 fois
  • Le résultat moyen est 23 sur 28

Statistiques - réponses

Réponse% Correct
Iron man
98%
Loki
96%
Thor
96%
Groot
95%
Spider man
94%
Thanos
94%
Black Panther
93%
Captain America
93%
Deadpool
93%
Ant man
92%
Vision
90%
Captain Marvel
87%
La veuve noire
87%
Rocket
87%
Wolverine
87%
docteur Strange
86%
Gamora
86%
La guêpe
81%
Sorcière rouge
81%
Nick fury
80%
Ultron
78%
Nebula
71%
Hawkeye
68%
Soldat de l’hiver
68%
Star lord
64%
Hela
54%
Torche humaine
32%
Monsieur Fantastique
23%

Distribution des résultats

Percentile par nombre de réponses

% des personnes avec chaque résultat

Votre développement - résultats

Vous n’avez pas pris ce quiz